| 000 | 00888nam a2200325 4500 | ||
|---|---|---|---|
| 001 | 2386 | ||
| 003 | DO-SdBNP | ||
| 005 | 20160421101142.0 | ||
| 007 | 2386 | ||
| 008 | 850110s1985 sp a 000 spa | ||
| 016 | 7 |
_a _z _2BPMSU |
|
| 017 |
_a _b |
||
| 020 | _a8420440906 | ||
| 035 | _a | ||
| 040 |
_aBPMSU _bspa _cBPMSU _e |
||
| 041 | 1 |
_aspa _h |
|
| 080 | 0 | _a | |
| 100 | 1 |
_aSempé, Jean-Jaques _d1932- |
|
| 240 | 1 | 3 |
_aLe petit Nicolas _lespañol |
| 245 | 1 | 3 |
_aEl pequeño Nicolás / _h _cSempé Goscinny ; traducción del francés de Esther Benítez |
| 250 | _a | ||
| 260 |
_aMadrid : _bAlfaguara, _c1985 |
||
| 300 |
_a135 p. : _bil. ; _c19 cm |
||
| 490 | 0 | _aInfantil, juvenil Alfaguara | |
| 700 | 1 | _c | |
| 700 | 1 |
_aBenítez, Esther _d1937-2001 _etr. |
|
| 830 | _aInfantil, juvenil Alfaguara | ||
| 942 |
_2ddc _cBK |
||
| 956 |
_aVMATEO _210 _320160421 _6BPMSU _80069 |
||
| 999 |
_c9885 _d9885 |
||